| 000 | 00851nam a2200265 u 4500 | ||
|---|---|---|---|
| 005 | 20240924064729.0 | ||
| 008 | 190903s2001 sp r 000 0 spa d | ||
| 020 | _a8426118712 | ||
| 035 | _aUPN01000232593 | ||
| 040 |
_aMX-MxUPN _bspa _cMX-MxUPN |
||
| 050 | 4 |
_aLB1140.35 P53 _bO94 2001 |
|
| 100 | 1 |
_aOxenbury, Helen, _d1938- _929786 |
|
| 245 | 1 | 0 | _aComprando |
| 250 | _aQuinta edición | ||
| 260 |
_aMadrid, España : _bEditorial Juventud, _c2001. |
||
| 300 |
_a1 volumen (sin paginación) : _bilustraciones a color |
||
| 490 | _aLos libros del chiquitín | ||
| 650 | 7 |
_921365 _aLibros ilustrados para niños |
|
| 650 | 0 |
_947368 _aLibros para bebés |
|
| 650 | 0 |
_947363 _aLibros ilustrados para niños _xAspectos educativos |
|
| 650 | 4 |
_aEducación preescolar _91517 |
|
| 905 | _aInfantil | ||
| 942 |
_2lcc _cLIBRO |
||
| 999 |
_c204688 _d204688 |
||